| 000 | 00795cam a2200301 4500 | ||
|---|---|---|---|
| 999 |
_c7195 _d7195 |
||
| 001 | 7195 | ||
| 003 | BD-JhCC | ||
| 005 | 20180422185445.0 | ||
| 008 | 710402s1971 nyua b 001 0 eng | ||
| 020 | _a0070691320 | ||
| 035 | _aocm00129193 | ||
| 035 | _a(BD-JhCC)7195 | ||
| 035 | _a140453 | ||
| 040 |
_aDLC _cDLC _dOCL _dUBA _dCUD _dBD-JhCC |
||
| 041 | _aeng | ||
| 050 | 0 |
_aQH308.2 _b.W45 1971 |
|
| 082 |
_a574 _bWEI 1971 |
||
| 100 | 1 |
_aWeisz, Paul B., _d1921- |
|
| 245 | 1 | 4 |
_aThe science of biology / _c[by] Paul B. Weisz. |
| 250 | _a4th ed. | ||
| 260 |
_aNew York, _bMcGraw-Hill _c[1971] |
||
| 300 |
_axiv, 656 p. _billus. (part col.) _c24 cm. |
||
| 504 | _aIncludes bibliographies. | ||
| 650 | 0 | _aBiology. | |
| 650 | 7 | _aBiologia Geral | |
| 942 |
_2ddc _cBK |
||